[Event "4NCL 3 South pool A"]
[Site "Bedford, ENG"]
[Date "2019.01.12"]
[Round "3.13"]
[White "Mossong, Hubert"]
[Black "Lewis, Alex"]
[Result "1-0"]
[WhiteElo "2063"]
[BlackElo "2172"]
[PlyCount "63"]
[EventDate "2019.01.12"]
[WhiteTeam "Leeds University Old Boys"]
[BlackTeam "Kings Head"]

1. e4 c5 2. Nc3 Nc6 3. Bb5 Nd4 4. Nge2 Nxb5 5. Nxb5 a6 6. Nbc3 d6 7. d4 cxd4 8.
Qxd4 Nf6 9. Bg5 e5 10. Qd2 Be7 11. f3 Be6 12. O-O-O O-O 13. Kb1 b5 14. Bxf6
gxf6 15. g4 Re8 16. Nd5 Rc8 17. Ng3 Bf8 18. h4 Rc4 19. Nf5 Bxd5 20. Qxd5 Qc7
21. Rh2 Rc8 22. Qd3 d5 23. g5 dxe4 24. fxe4 Qc6 25. Re1 fxg5 26. hxg5 Rc7 27.
Nh6+ Kh8 28. Ng4 Bg7 29. Qh3 h6 30. Qg2 Qc5 31. gxh6 Bf8 32. Nf6 1-0

[Event "4NCL 3 South pool A"]
[Site "Bedford, ENG"]
[Date "2019.01.12"]
[Round "3.14"]
[White "Mackenzie, Colin"]
[Black "Taylor, Mark V"]
[Result "1-0"]
[WhiteElo "2080"]
[BlackElo "1915"]
[PlyCount "95"]
[EventDate "2019.01.12"]
[WhiteTeam "Kings Head"]
[BlackTeam "Leeds University Old Boys"]

1. c4 e5 2. g3 Nf6 3. Bg2 Nc6 4. Nc3 Bb4 5. Nd5 Bc5 6. a3 a5 7. Qa4 Nxd5 8.
cxd5 Ne7 9. Nf3 Ng6 10. h4 h5 11. b4 Bb6 12. bxa5 Rxa5 13. Qc4 d6 14. O-O Bd7
15. d3 Ra4 16. Qc2 Rg4 17. d4 exd4 18. Bg5 Qc8 19. e3 dxe3 20. Rfe1 O-O 21.
Bxe3 Ba4 22. Qd3 Ba5 23. Rec1 Qd7 24. Rab1 b6 25. Kh2 Qe7 26. Bg5 f6 27. Qxg6
Be8 28. Qc2 fxg5 29. Nxg5 Rxg5 30. hxg5 Qxg5 31. f4 Qh6 32. Qxc7 h4 33. Qe7
hxg3+ 34. Kxg3 Qxf4+ 35. Kh3 Qf5+ 36. Kh2 Qf4+ 37. Kh3 Qf5+ 38. Kh2 Qf4+ $11
39. Kh1 Qh6+ 40. Kg1 Bd2 41. Qe6+ Qxe6 42. dxe6 Be3+ 43. Kh2 Bf4+ 44. Kh3 Bg6
45. Bd5 Re8 46. Kg4 Bxb1 47. Kxf4 Bg6 48. Kg5 1-0

[Event "4NCL 3 South pool A"]
[Site "Bedford, ENG"]
[Date "2019.01.12"]
[Round "3.15"]
[White "Bourne, Iain"]
[Black "Davey, Mark"]
[Result "1-0"]
[WhiteElo "1872"]
[BlackElo "2050"]
[PlyCount "139"]
[EventDate "2019.01.12"]
[WhiteTeam "Leeds University Old Boys"]
[BlackTeam "Kings Head"]

1. d4 Nf6 2. c4 e6 3. Nc3 d5 4. cxd5 exd5 5. Bg5 Nbd7 6. e3 c6 7. Bd3 Qb6 8.
Qc2 Bd6 9. Nf3 h6 10. Bh4 a5 11. O-O O-O 12. Rab1 Qa7 13. Na4 Re8 14. Nd2 Qb8
15. Bg3 Bxg3 16. hxg3 Qd6 17. Rfc1 Ng4 18. Nf1 g6 19. a3 Kg7 20. Qd1 h5 21. Qf3
b5 22. Nc5 Nxc5 23. Rxc5 Re6 24. Rbc1 Bb7 25. Qd1 Rae8 26. R1c2 Rh8 27. a4 bxa4
28. Rxa5 Qb4 29. Qd2 Qe7 30. Be2 Qg5 31. Qd1 Rf6 32. Bf3 Bc8 33. e4 Rd6 34. e5
Re6 35. Qc1 Qd8 36. Rxa4 Bd7 37. Rc5 Qb6 38. Qc3 Rb8 39. b4 f6 40. Bxg4 hxg4
41. Ne3 f5 42. Nc2 Qd8 43. Ra7 Re7 44. Qe3 Ra8 45. Rca5 Rxa7 46. Rxa7 Qb8 47.
Qa3 Kf7 48. Qa5 Ke6 49. Na1 Qh8 50. Nb3 Kf7 51. Qc5 Qb8 52. Na5 Qe8 53. Qd6 Be6
54. Rxe7+ Qxe7 55. Qxe7+ Kxe7 56. Nxc6+ Kd7 57. Na5 Kc7 58. Nb3 Kc6 59. Nc5 Bf7
60. Kf1 Be8 61. Ke2 Kb5 62. Ne6 Kb6 63. Ng7 Bb5+ 64. Ke3 Kc6 65. Kf4 Kd7 66.
Kg5 Ke7 67. Kxg6 Bd3 68. Kg5 Kf7 69. Nxf5 Ke6 70. Ne3 1-0

[Event "4NCL 3 South pool A"]
[Site "Bedford, ENG"]
[Date "2019.01.12"]
[Round "3.21"]
[White "Tippleston, Charles E"]
[Black "Rice, Chris B"]
[Result "1/2-1/2"]
[WhiteElo "2098"]
[BlackElo "1998"]
[PlyCount "84"]
[EventDate "2019.01.12"]
[WhiteTeam "MK Phoenix 1"]
[BlackTeam "CSC 2"]

1. e4 e5 2. Bc4 Nf6 3. d3 Nc6 4. Nf3 Be7 5. O-O O-O 6. Re1 d6 7. c3 Na5 8. Nbd2
a6 9. Nf1 b5 10. Bb3 Nxb3 11. axb3 Bb7 12. Ng3 Re8 13. b4 h6 14. h3 Bf8 15. Nf5
c5 16. bxc5 dxc5 17. Qc2 Qc7 18. c4 bxc4 19. Qxc4 Qb6 20. Be3 Bc6 21. Qc3 Nd7
22. Rec1 Bb5 23. Kh2 Kh7 24. Nd2 Qe6 25. Nc4 g6 26. Ng3 Rac8 27. Qd2 Nb8 28.
Na3 Red8 29. Nxb5 axb5 30. Qc3 Na6 31. Qa5 Nb4 32. Qxb5 Nxd3 33. Rc2 Qd7 34.
Qc4 Qe6 35. Qxe6 fxe6 36. Ra7+ Kg8 37. Rd2 Rb8 38. Ra2 c4 39. Re2 Rd7 40. Rd2
Rdb7 41. Ne2 Nxb2 42. Rc2 Nd1 1/2-1/2

[Event "4NCL 3 South pool A"]
[Site "Bedford, ENG"]
[Date "2019.01.12"]
[Round "3.22"]
[White "Lawson, Maurice E"]
[Black "Fraser-Mitchell, Jeremy N"]
[Result "1/2-1/2"]
[WhiteElo "1965"]
[BlackElo "2067"]
[PlyCount "110"]
[EventDate "2019.01.12"]
[WhiteTeam "CSC 2"]
[BlackTeam "MK Phoenix 1"]

1. e4 e6 2. d4 d5 3. Nc3 Bb4 4. exd5 exd5 5. Bd3 Nc6 6. a3 Bxc3+ 7. bxc3 Nge7
8. Qh5 Be6 9. Rb1 b6 10. Ne2 Qd7 11. h3 O-O-O 12. O-O f6 13. Nf4 Bf5 14. Ba6+
Kb8 15. Nd3 Rdg8 16. Bf4 Bxd3 17. cxd3 g6 18. Qe2 g5 19. Bh2 h5 20. Rb5 g4 21.
Qb2 Ka8 22. h4 Ng6 23. Qb3 Rd8 24. a4 Nxh4 25. a5 Nf3+ 26. gxf3 gxf3 27. axb6
cxb6 28. Rxb6 axb6 29. Qxb6 Rb8 30. Qc5 Na7 31. Bxb8 Rxb8 32. Kh2 Rg8 33. Rg1
Rxg1 34. Kxg1 Qg4+ 35. Kf1 Qh3+ 36. Ke1 Qe6+ 37. Kd2 Qxa6 38. Qxd5+ Qb7 39.
Qxh5 Qb2+ 40. Ke3 Qe2+ 41. Kf4 Qd2+ 42. Kg3 Qxc3 43. Qxf3+ Qc6 44. d5 Qd6+ 45.
Qf4 Nb5 46. Qxd6 Nxd6 47. Kg4 Kb7 48. Kh5 Kb6 49. Kg6 Kc5 50. Kxf6 Kxd5 51. f4
Nb5 52. Kg6 Nd6 53. f5 Nxf5 54. Kxf5 Kd4 55. Ke6 Kxd3 1/2-1/2

[Event "4NCL 3 South pool A"]
[Site "Bedford, ENG"]
[Date "2019.01.12"]
[Round "3.23"]
[White "Habershon, Paul F"]
[Black "Fowler, David"]
[Result "0-1"]
[WhiteElo "2038"]
[BlackElo "1929"]
[PlyCount "108"]
[EventDate "2019.01.12"]
[WhiteTeam "MK Phoenix 1"]
[BlackTeam "CSC 2"]

1. c4 e5 2. Nc3 Nf6 3. g3 c6 4. Bg2 d5 5. cxd5 cxd5 6. Qb3 Nc6 7. Nxd5 Nd4 8.
Nxf6+ Qxf6 9. Qd1 Bf5 10. d3 Rc8 11. Kf1 Bc5 12. Be3 O-O 13. Nf3 Nxf3 14. Bxc5
Rxc5 15. Bxf3 Bh3+ 16. Ke1 Rfc8 17. Qb3 b6 18. Kd2 Qg5+ 19. e3 Qf6 20. Be2 Qxf2
21. Rae1 Be6 22. Qd1 Qg2 23. a3 Qc6 24. e4 Rc2+ 25. Ke3 Qc5+ 26. Kf3 f5 27.
Rhf1 fxe4+ 28. dxe4 Bh3 29. Qd5+ Qxd5 30. exd5 Bxf1 31. Bxf1 Rxb2 32. Bh3 Rc3+
33. Ke4 Rxh2 34. Be6+ Kf8 35. Rf1+ Ke8 36. Kxe5 Rc7 37. Kd6 Rhc2 38. Bf5 Rc1
39. Rf2 Rf7 40. Re2+ Kd8 41. g4 Rf6+ 42. Ke5 h6 43. Re4 Rc5 44. Rd4 b5 45. a4
Rc4 46. axb5 Rxd4 47. Kxd4 g6 48. Be6 h5 49. gxh5 gxh5 50. Ke5 Rf2 51. Bh3 h4
52. Kd6 Rf3 53. Bg2 Rc3 54. Ke6 h3 0-1

[Event "4NCL 3 South pool A"]
[Site "Bedford, ENG"]
[Date "2019.01.12"]
[Round "3.24"]
[White "Vlcek, Marek"]
[Black "Brown, Alan M"]
[Result "0-1"]
[WhiteElo "1927"]
[BlackElo "2056"]
[PlyCount "124"]
[EventDate "2019.01.12"]
[WhiteTeam "CSC 2"]
[BlackTeam "MK Phoenix 1"]

1. d4 d5 2. Nf3 Nf6 3. e3 Bf5 4. Bd3 Bxd3 5. Qxd3 Nbd7 6. Nbd2 e6 7. O-O Be7 8.
c4 O-O 9. Re1 c6 10. e4 dxe4 11. Nxe4 Nxe4 12. Rxe4 Nc5 13. Qe2 Nxe4 14. Qxe4
Bf6 15. Bf4 Qa5 16. g4 Rad8 17. g5 Be7 18. h4 Qf5 19. Qxf5 exf5 20. c5 Rfe8 21.
b4 Bf8 22. Be5 Re6 23. a4 Be7 24. b5 f6 25. gxf6 Bxf6 26. bxc6 Rxc6 27. Rb1 b6
28. cxb6 Rxb6 29. Rc1 Rb4 30. a5 Bxe5 31. dxe5 Rb5 32. e6 Rxa5 33. Nd4 Rad5 34.
e7 Rxd4 35. exd8=Q+ Rxd8 36. Ra1 Rd7 37. Kg2 Kf7 38. Ra6 Ke7 39. Kg3 Kd8 40.
Kf4 Rf7 41. h5 Kc8 42. Ke5 Kb7 43. Rd6 a5 44. f4 Kb8 45. Rd3 a4 46. Ra3 Ra7 47.
Kxf5 Kc7 48. Ke5 Kd7 49. Kf5 Ra5+ 50. Kg4 Ke6 51. Re3+ Kf6 52. Ra3 Ra7 53. Kf3
Kf5 54. Kg3 h6 55. Kf3 Ra5 56. Kg3 Ke4 57. Kg4 Kd4 58. Kf3 Kc4 59. Ke2 Kb4 60.
Ra1 a3 61. Kd2 a2 62. Kc2 Rxh5 0-1

[Event "4NCL 3 South pool A"]
[Site "Bedford, ENG"]
[Date "2019.01.12"]
[Round "3.25"]
[White "Smith, Graham"]
[Black "Vachtfeidl, Petr"]
[Result "1-0"]
[WhiteElo "2026"]
[BlackElo "1836"]
[PlyCount "103"]
[EventDate "2019.01.12"]
[WhiteTeam "MK Phoenix 1"]
[BlackTeam "CSC 2"]

1. e4 e5 2. Bc4 Nf6 3. d4 exd4 4. Nf3 Nc6 5. e5 d5 6. Bb5 Ne4 7. Nxd4 Bc5 8.
Bxc6+ bxc6 9. O-O O-O 10. f3 Ng5 11. f4 Ne4 12. Be3 Rb8 13. Qc1 Qh4 14. Nc3 Ba6
15. Nxe4 Bxd4 16. Bxd4 Bxf1 17. Nc5 Be2 18. Nd7 Ba6 19. Nxf8 Kxf8 20. Qe3 Ke8
21. b3 Qg4 22. c3 Qe2 23. Qxe2 Bxe2 24. Kf2 Bd3 25. Bxa7 Rb7 26. Bc5 h5 27. b4
Kd7 28. a4 Rb8 29. a5 Ba6 30. Re1 Ke6 31. h3 g6 32. Re3 Rh8 33. Rg3 Rh7 34. Rg5
Rh8 35. Bd4 Bd3 36. Ke3 Ba6 37. Kd2 Bb5 38. Bf2 Ba6 39. Ke3 Bb5 40. Kd4 Rh7 41.
Kc5 Rh8 42. Bd4 Rh7 43. g4 hxg4 44. hxg4 Kd7 45. f5 gxf5 46. gxf5 Ba6 47. Rg8
Bb5 48. Ra8 Rh2 49. a6 Ra2 50. a7 Ra6 51. f6 Bd3 52. e6+ 1-0

[Event "4NCL 3 South pool A"]
[Site "Bedford, ENG"]
[Date "2019.01.12"]
[Round "3.26"]
[White "Towers, Nigel S"]
[Black "Freeman, Richard C P"]
[Result "1/2-1/2"]
[WhiteElo "1822"]
[BlackElo "2000"]
[PlyCount "34"]
[EventDate "2019.01.12"]
[WhiteTeam "CSC 2"]
[BlackTeam "MK Phoenix 1"]

1. e4 g6 2. d4 Bg7 3. Nc3 d6 4. f4 a6 5. a4 b6 6. Nf3 e6 7. Bc4 Ne7 8. O-O d5
9. Bd3 c5 10. e5 Nbc6 11. Be3 O-O 12. Bf2 cxd4 13. Nxd4 Nxd4 14. Bxd4 Nc6 15.
Be2 f6 16. exf6 Bxf6 17. Bxf6 Qxf6 1/2-1/2

[Event "4NCL 3 South pool A"]
[Site "Bedford, ENG"]
[Date "2019.01.12"]
[Round "3.31"]
[White "Crombleholme, Alan K"]
[Black "Webster, Peter A N"]
[Result "0-1"]
[WhiteElo "1979"]
[BlackElo "1873"]
[PlyCount "70"]
[EventDate "2019.01.12"]
[WhiteTeam "Iceni 1"]
[BlackTeam "Cambridge University 2"]

1. d4 e6 2. Nf3 Nf6 3. c4 Bb4+ 4. Bd2 a5 5. Nc3 O-O 6. e3 b6 7. Bd3 Ba6 8. O-O
d5 9. b3 Nbd7 10. Qe2 Rc8 11. cxd5 Bxd3 12. Qxd3 exd5 13. Nb5 c5 14. Rfc1 Ne4
15. Rc2 Ndf6 16. Bxb4 axb4 17. Rac1 Ra8 18. Ne5 Re8 19. f3 Nd6 20. Nxd6 Qxd6
21. g4 Re7 22. g5 Ne8 23. f4 f6 24. gxf6 gxf6 25. Rg2+ Rg7 26. Ng4 Kh8 27. dxc5
bxc5 28. Rcc2 c4 29. bxc4 dxc4 30. Qxd6 Nxd6 31. Nxf6 b3 32. axb3 cxb3 33. Rcd2
Ra1+ 34. Kf2 Rxg2+ 35. Kxg2 Ra2 0-1

[Event "4NCL 3 South pool A"]
[Site "Bedford, ENG"]
[Date "2019.01.12"]
[Round "3.32"]
[White "Phillips, William"]
[Black "Ruthen, Stephen W"]
[Result "0-1"]
[WhiteElo "1849"]
[BlackElo "2005"]
[PlyCount "106"]
[EventDate "2019.01.12"]
[WhiteTeam "Cambridge University 2"]
[BlackTeam "Iceni 1"]

1. d4 Nf6 2. Nf3 g6 3. g3 Bg7 4. Bg2 d6 5. O-O O-O 6. Nc3 Nbd7 7. e4 e5 8. Re1
c6 9. dxe5 dxe5 10. b3 Re8 11. Bb2 Qc7 12. Qe2 Nc5 13. Rad1 b5 14. b4 Nb7 15.
a4 a6 16. axb5 axb5 17. Ra1 Rxa1 18. Rxa1 Nd6 19. Nd2 Bh6 20. Nb3 Nc4 21. Bc1
Bf8 22. Na2 Bg4 23. Bf3 Bh3 24. Bg5 Nd7 25. Nd2 Ndb6 26. Nxc4 Nxc4 27. Rd1 Qa7
28. c3 Kg7 29. Nc1 h6 30. Be3 Qa3 31. Qc2 Be7 32. Nb3 Nxe3 33. fxe3 Qa7 34. Qe2
Be6 35. Na5 Qb6 36. Kf2 c5 37. Qb2 c4 38. Qe2 Bg5 39. h4 Bd8 40. Bg4 f5 41.
exf5 gxf5 42. Bh5 Rf8 43. Bf3 e4 44. Bg2 Bf6 45. Qe1 Be5 46. Kg1 Kh8 47. Qd2
Rg8 48. h5 Rxg3 49. Qd8+ Qxd8 50. Rxd8+ Rg8 51. Nc6 Rxd8 52. Nxd8 Bd5 53. Bh3
Bf6 0-1

[Event "4NCL 3 South pool A"]
[Site "Bedford, ENG"]
[Date "2019.01.12"]
[Round "3.33"]
[White "Hughes, Roy"]
[Black "Kirupakaran, Vishnu"]
[Result "1/2-1/2"]
[WhiteElo "2002"]
[BlackElo "1744"]
[PlyCount "107"]
[EventDate "2019.01.12"]
[WhiteTeam "Iceni 1"]
[BlackTeam "Cambridge University 2"]

1. d4 d5 2. Bf4 Nf6 3. e3 e6 4. c4 c6 5. Nc3 dxc4 6. Bxc4 b5 7. Bd3 Bb7 8. Nf3
Be7 9. h3 Nbd7 10. a3 O-O 11. O-O a6 12. b4 a5 13. Rb1 axb4 14. axb4 Nb6 15. e4
Ra3 16. Qc2 h6 17. Rfd1 Qa8 18. Bc1 Ra7 19. Qe2 Rd8 20. Be3 Na4 21. Rdc1 Nxc3
22. Rxc3 Ra2 23. Rc2 Rxc2 24. Qxc2 Qa3 $11 25. Bc1 Qa6 26. Bd2 Ra8 27. Bc3 Qa2
28. Qc1 Nd7 29. Nd2 Qa3 30. Qc2 Qa2 31. Qd1 Qa3 32. Nb3 Qa7 33. Na5 Qb6 34. Qe2
Bf6 35. e5 Be7 36. Qe4 g6 37. h4 Nf8 38. Qg4 Kg7 39. h5 g5 40. f4 Nh7 41. f5
exf5 42. Qxf5 Nf8 43. Nxb7 Qxb7 44. Rf1 Bd8 45. e6 f6 46. d5 Qe7 47. Bd4 Ra6
48. Bc5 Bb6 49. dxc6 Bxc5+ 50. Qxc5 Qxc5+ 51. bxc5 Nxe6 52. Bxb5 Ra5 53. Bc4
Nd4 54. Rb1 1/2-1/2

[Event "4NCL 3 South pool A"]
[Site "Bedford, ENG"]
[Date "2019.01.12"]
[Round "3.34"]
[White "Breed, Greg J"]
[Black "Ortiz Sanchez, Luis"]
[Result "0-1"]
[WhiteElo "1773"]
[BlackElo "1923"]
[PlyCount "66"]
[EventDate "2019.01.12"]
[WhiteTeam "Cambridge University 2"]
[BlackTeam "Iceni 1"]

1. d4 f5 2. c4 Nf6 3. Nc3 e6 4. e3 b6 5. Bd3 Bb7 6. f3 Bb4 7. Nge2 O-O 8. O-O
d5 9. Qb3 Qe7 10. a3 Bxc3 11. bxc3 Ba6 12. a4 Rd8 13. Ba3 Qd7 14. Nf4 g5 15.
Nh3 h6 16. Nf2 dxc4 17. Bxc4 Bxc4 18. Qxc4 Nc6 19. e4 Kg7 20. exf5 exf5 21.
Rfe1 Re8 22. Nd3 Qd5 23. Qxd5 Nxd5 24. Nb4 Ncxb4 25. cxb4 Kf7 26. Kf2 Rxe1 27.
Kxe1 Re8+ 28. Kf2 Re3 29. h4 Rd3 30. hxg5 hxg5 31. Bc1 f4 32. a5 Rxd4 33. axb6
axb6 0-1

[Event "4NCL 3 South pool A"]
[Site "Bedford, ENG"]
[Date "2019.01.12"]
[Round "3.35"]
[White "Sagues, Vincent"]
[Black "Lim, Mark"]
[Result "1/2-1/2"]
[WhiteElo "1923"]
[BlackElo "1796"]
[PlyCount "40"]
[EventDate "2019.01.12"]
[WhiteTeam "Iceni 1"]
[BlackTeam "Cambridge University 2"]

1. e4 e6 2. d4 d5 3. Nd2 c5 4. exd5 Qxd5 5. Ngf3 cxd4 6. Bc4 Qd6 7. Nb3 Qb4+ 8.
Nbd2 Nc6 9. O-O Nf6 10. a3 Qd6 11. Nb3 Be7 12. Nbxd4 Nxd4 13. Nxd4 O-O 14. c3
Bd7 15. Qe2 Rac8 16. Bd3 Rfe8 17. Bg5 e5 18. Nf5 Bxf5 19. Bxf5 Rcd8 20. Rad1
Qc7 1/2-1/2

[Event "4NCL 3 South pool A"]
[Site "Bedford, ENG"]
[Date "2019.01.12"]
[Round "3.36"]
[White "Ivanov, Elizabeth"]
[Black "Calvert, D Ian"]
[Result "1/2-1/2"]
[WhiteElo "1590"]
[BlackElo "1917"]
[PlyCount "121"]
[EventDate "2019.01.12"]
[WhiteTeam "Cambridge University 2"]
[BlackTeam "Iceni 1"]

1. e4 d5 2. exd5 Qxd5 3. Nc3 Qd6 4. d4 Nf6 5. Bc4 a6 6. a3 Bg4 7. f3 Bf5 8.
Nge2 e6 9. Bf4 Qd7 10. b4 Be7 11. Qd2 c6 12. Be5 h6 13. g4 Bh7 14. g5 hxg5 15.
Qxg5 Rg8 16. Qd2 b5 17. Bb3 a5 18. bxa5 Na6 19. Na2 Nc7 20. Nb4 Ncd5 21. a6
Nxb4 22. axb4 Qc8 23. a7 Qb7 24. Bb8 Nd7 25. Bf4 Rxa7 26. O-O Nf6 27. Qe3 Nd5
28. Bxd5 cxd5 29. Qc3 Rxa1 30. Rxa1 Kd7 31. Qd2 Ra8 32. Rxa8 Qxa8 33. Qc3 Qc6
34. Qxc6+ Kxc6 35. c3 Bd3 36. Kf2 g6 37. Ke3 Bc4 38. Nc1 Bf6 39. Nd3 Bxd3 40.
Kxd3 Bg7 41. h3 f6 42. h4 e5 43. dxe5 fxe5 44. Bg5 Kd6 45. Be3 Ke6 46. Kd2 Kf5
47. Ke2 Bf6 48. Bf2 e4 49. fxe4+ Kxe4 50. Be1 d4 51. cxd4 Kxd4 52. Kf3 Kc4 53.
Kf4 Kd3 54. Kg4 Be7 55. Kf4 Ke2 56. Bg3 Bf6 57. Kg4 Ke3 58. Bf4+ Ke4 59. Bd6
Kd5 60. Bc5 Kc4 61. Bd6 1/2-1/2

[Event "4NCL 3 South pool A"]
[Site "Bedford, ENG"]
[Date "2019.01.12"]
[Round "3.41"]
[White "Martin, Lewis"]
[Black "Moloney, Nicholas R"]
[Result "1-0"]
[WhiteElo "2165"]
[BlackElo "2161"]
[PlyCount "95"]
[EventDate "2019.01.12"]
[WhiteTeam "Check Innmates 1"]
[BlackTeam "Fermented Sharks"]

1. e4 c5 2. Nf3 d6 3. d4 cxd4 4. Nxd4 Nf6 5. Nc3 g6 6. Be2 Bg7 7. Be3 O-O 8.
Nb3 Nc6 9. O-O Be6 10. f4 Na5 11. Nxa5 Qxa5 12. Bf3 Rac8 13. Qd2 Nd7 14. Bd4
Bxd4+ 15. Qxd4 Qb6 16. Qxb6 Nxb6 17. Rf2 Rc5 18. Nd1 Rfc8 19. c3 a5 20. b3 d5
21. exd5 Bxd5 22. c4 Bxf3 23. Rxf3 Rd8 24. Nf2 Rc7 25. Rd3 Rxd3 26. Nxd3 Rd7
27. Rd1 Na8 28. Kf2 Nc7 29. Ke3 Ne6 30. Nb2 Rxd1 31. Nxd1 f5 32. Nc3 Kf7 33. a3
Ke8 34. b4 axb4 35. axb4 Kd7 36. g3 Kd6 37. Nb5+ Kd7 38. Nd4 Nd8 39. Nf3 Nf7
40. Kd4 Kd6 41. c5+ Kc6 42. Kc4 h6 43. h4 Kd7 44. b5 Ke6 45. Nd4+ Kf6 46. c6
bxc6 47. bxc6 e5 48. Kd5 1-0

[Event "4NCL 3 South pool A"]
[Site "Bedford, ENG"]
[Date "2019.01.12"]
[Round "3.42"]
[White "Farkas, Daniel"]
[Black "Richmond, Peter"]
[Result "0-1"]
[WhiteElo "2105"]
[BlackElo "2078"]
[PlyCount "62"]
[EventDate "2019.01.12"]
[WhiteTeam "Fermented Sharks"]
[BlackTeam "Check Innmates 1"]

1. e4 c6 2. d4 d5 3. exd5 cxd5 4. Bd3 Nc6 5. c3 Qc7 6. h3 g6 7. Nf3 Bg7 8. O-O
Bf5 9. Bxf5 gxf5 10. Qd3 e6 11. Re1 O-O-O 12. Bg5 Bf6 13. Nbd2 Bxg5 14. Nxg5
Nf6 15. b4 Ne4 16. Ngf3 Rhg8 17. Re2 Rg7 18. Ne1 Rdg8 19. b5 Ne7 20. Rc1 Ng6
21. Nxe4 fxe4 22. Qe3 Nf4 23. g3 Nxe2+ 24. Qxe2 e3 25. Qxe3 Rxg3+ 26. fxg3
Rxg3+ 27. Qxg3 Qxg3+ 28. Ng2 Qxh3 29. c4 dxc4 30. Rxc4+ Kd7 31. Ra4 Qd3 0-1

[Event "4NCL 3 South pool A"]
[Site "Bedford, ENG"]
[Date "2019.01.12"]
[Round "3.43"]
[White "Truran, Michael C"]
[Black "Okhai, Shabir"]
[Result "1/2-1/2"]
[WhiteElo "2146"]
[BlackElo "2073"]
[PlyCount "45"]
[EventDate "2019.01.12"]
[WhiteTeam "Check Innmates 1"]
[BlackTeam "Fermented Sharks"]

1. d4 Nf6 2. c4 e6 3. Nf3 c5 4. d5 exd5 5. cxd5 d6 6. Nc3 g6 7. e4 a6 8. a4 Bg4
9. Be2 Bxf3 10. Bxf3 Bg7 11. O-O O-O 12. Qc2 Nbd7 13. Bf4 Qc7 14. b3 Rfe8 15.
Be2 Re7 16. Rad1 Rae8 17. Bf3 Ne5 18. Bxe5 Rxe5 19. Rfe1 Qa5 20. Re3 b5 21.
axb5 axb5 22. Qd3 b4 23. Nb1 1/2-1/2

[Event "4NCL 3 South pool A"]
[Site "Bedford, ENG"]
[Date "2019.01.12"]
[Round "3.44"]
[White "Niccoli, Tony"]
[Black "Tucker, David S"]
[Result "1-0"]
[WhiteElo "2027"]
[BlackElo "1989"]
[PlyCount "67"]
[EventDate "2019.01.12"]
[WhiteTeam "Fermented Sharks"]
[BlackTeam "Check Innmates 1"]

1. e4 c5 2. Nc3 e6 3. g3 d5 4. Bg2 dxe4 5. Nxe4 Nc6 6. d3 Bd7 7. Ne2 Nh6 8.
Bxh6 gxh6 9. O-O Qe7 10. d4 cxd4 11. Nxd4 Bg7 12. Nxc6 Bxc6 13. Nd6+ Kf8 14.
Bxc6 bxc6 15. Nc4 Rd8 16. Qe2 Qc5 17. c3 Ke7 18. Rad1 Rxd1 19. Rxd1 Rd8 20.
Rxd8 Kxd8 21. Ne3 Kc7 22. Qg4 Qe5 23. Qb4 Qd6 24. Qa4 Kb7 25. Qg4 Qf8 26. Qe4
h5 27. Qxh7 Bh6 28. Nc4 Bc1 29. Qxh5 Qe7 30. Qd1 Bg5 31. Qd6 f5 32. Na5+ Kc8
33. Qxe7 Bxe7 34. Nxc6 1-0

[Event "4NCL 3 South pool A"]
[Site "Bedford, ENG"]
[Date "2019.01.12"]
[Round "3.45"]
[White "Gorgun, Aliriza Atif"]
[Black "Millward, Kevin P"]
[Result "1/2-1/2"]
[WhiteElo "2005"]
[BlackElo "1973"]
[PlyCount "61"]
[EventDate "2019.01.12"]
[WhiteTeam "Check Innmates 1"]
[BlackTeam "Fermented Sharks"]

1. e4 d5 2. exd5 Qxd5 3. Nc3 Qd6 4. Bc4 Nf6 5. d3 c6 6. Be3 Nbd7 7. Nf3 Nb6 8.
Bb3 Bg4 9. h3 Bxf3 10. Qxf3 Nbd5 11. Ne4 Qc7 12. g4 e6 13. O-O-O Be7 14. g5
Nxe4 15. Bxd5 Nxg5 16. Qg2 cxd5 17. Bxg5 Bxg5+ 18. Qxg5 O-O 19. Rhg1 f6 20. Qg4
e5 21. Rg2 Rae8 22. Rdg1 Rf7 23. Qh5 Rc8 24. f3 Rd8 25. Rg4 Qe7 26. Rh4 g5 27.
Rhg4 Rg7 28. h4 Qf7 29. Qh6 Rg6 30. Qh5 Rg7 31. Qh6 1/2-1/2

[Event "4NCL 3 South pool A"]
[Site "Bedford, ENG"]
[Date "2019.01.12"]
[Round "3.46"]
[White "Dydak, Mateusz"]
[Black "Parker, Francis"]
[Result "0-1"]
[WhiteElo "1880"]
[BlackElo "1962"]
[PlyCount "158"]
[EventDate "2019.01.12"]
[WhiteTeam "Fermented Sharks"]
[BlackTeam "Check Innmates 1"]

1. e4 Nc6 2. Nc3 Nf6 3. f4 d6 4. Nf3 Bg4 5. Bb5 a6 6. Bxc6+ bxc6 7. h3 Bc8 8.
O-O e6 9. d3 Be7 10. Bd2 Bb7 11. Qe2 h5 12. e5 Ng8 13. Ng5 d5 14. Rae1 $11 g6
15. Nd1 Nh6 16. Ne3 a5 17. Rf3 c5 18. Nf1 Nf5 19. c3 a4 20. Rf2 Ba6 21. Qf3 h4
22. Bc1 c4 23. d4 c5 24. Rd1 Qb6 25. Ne3 Bb5 26. Nxf5 gxf5 27. Rc2 a3 28. Qe3
Ba4 29. Rdd2 Bxc2 30. Rxc2 cxd4 31. cxd4 axb2 32. Rxb2 Qc7 33. Bd2 Ra3 34. Bc3
Qa7 35. Qd2 Bxg5 36. fxg5 Rg8 37. Kh2 Kd7 38. Rc2 Ra8 39. g6 fxg6 40. Bb4 Rd3
41. Qg5 Qxd4 42. Qe7+ Kc6 43. Qd6+ Kb5 44. Qd7+ Kxb4 45. Qb7+ Kc5 46. Qc7+ Kb5
47. Qb7+ Qb6 48. Qxa8 Kc5 49. Qf8+ Kd4 50. Qf6 Qc7 51. Re2 c3 52. Qxh4+ Kc5 53.
Qa4 Qb6 54. Qa3+ Kc6 55. Qd6+ Kb5 56. Qd7+ Qc6 57. a4+ Kc5 58. Qe7+ Kc4 59. a5
Rd2 60. Qh4+ d4 61. Qe1 Rxe2 62. Qxe2+ d3 63. Qa2+ Kc5 64. a6 d2 65. Qa5+ Kd4
66. a7 d1=Q 67. a8=Q Qxa8 68. Qxa8 c2 69. Qd8+ Kxe5 70. Qh8+ Ke4 71. Qa8+ Ke3
72. Qa3+ Qd3 73. Qc1+ Ke2 74. Qb2 Kd1 75. Qa1+ c1=Q 76. Qa4+ Qcc2 77. Qa1+ Ke2
78. Qe5+ Qe3 79. Qb5+ Kf2 0-1

[Event "4NCL 3 South pool A"]
[Site "Bedford, ENG"]
[Date "2019.01.13"]
[Round "4.11"]
[White "Tukpetov, Evgeny"]
[Black "Habershon, Paul F"]
[Result "0-1"]
[WhiteElo "2233"]
[BlackElo "2038"]
[PlyCount "102"]
[EventDate "2019.01.13"]
[WhiteTeam "Kings Head"]
[BlackTeam "MK Phoenix 1"]

1. b3 d6 2. Bb2 e5 3. e3 g6 4. d4 Nd7 5. dxe5 dxe5 6. Nd2 Bg7 7. Bb5 Nh6 8. Nc4
O-O 9. Bxd7 Bxd7 10. Bxe5 f6 11. Qd5+ Kh8 12. Bb2 Qe8 13. Nf3 Bc6 14. Qd1 Rd8
15. Qe2 b6 16. O-O Qe4 17. Rfd1 Bb5 18. Rd4 Rxd4 19. Nxd4 Bxc4 20. Qxc4 c5 21.
Qe6 f5 22. Nxf5 Qxf5 23. Bxg7+ Kxg7 24. Qxf5 Nxf5 25. Rd1 Rf7 26. c3 Kf6 27. e4
Ng7 28. f3 Ke6 29. Kf2 Rd7 30. Rxd7 Kxd7 31. Ke3 Ne6 32. g3 Nc7 33. Kd3 b5 34.
a3 a5 35. f4 Ne8 36. e5 Ke6 37. Ke4 Ng7 38. g4 h6 39. h3 h5 40. b4 cxb4 41.
cxb4 axb4 42. axb4 h4 43. Kd4 Kd7 44. Ke4 Ne6 45. Ke3 Nc7 46. Kd4 Kc6 47. f5 g5
48. Ke4 Kd7 49. Kd4 Na6 50. Kc3 Ke7 51. Kb3 Nc7 0-1

[Event "4NCL 3 South pool A"]
[Site "Bedford, ENG"]
[Date "2019.01.13"]
[Round "4.12"]
[White "Fraser-Mitchell, Jeremy N"]
[Black "McMichael, Richard J"]
[Result "1/2-1/2"]
[WhiteElo "2067"]
[BlackElo "2173"]
[PlyCount "101"]
[EventDate "2019.01.13"]
[WhiteTeam "MK Phoenix 1"]
[BlackTeam "Kings Head"]

1. f4 d6 2. Nf3 g6 3. g3 c5 4. Bg2 Bg7 5. O-O Nc6 6. Nc3 e6 7. e4 Nge7 8. d3
Rb8 9. a4 O-O 10. Be3 Nd4 11. Qd2 a6 12. Ra2 Nec6 13. Ne1 f5 14. Nd1 d5 15. e5
b5 16. axb5 axb5 17. c3 Nb3 18. Qc2 c4 19. Nf3 Rf7 20. Nf2 Bf8 21. Rd1 Rfb7 22.
Kh1 Rd7 23. Nh3 Bb7 24. Nhg5 Qe7 25. Nd4 Nbxd4 26. Bxd4 Nxd4 27. cxd4 h6 28.
Nf3 Ra8 29. Rda1 Rdd8 30. h3 Rxa2 31. Rxa2 Ra8 32. Rxa8 Bxa8 33. Nh4 Kh7 34.
dxc4 bxc4 35. Qa4 Bb7 36. Qb5 Bc8 37. Qc6 Bd7 38. Qb7 Ba4 39. Qa6 Be8 40. Kh2
g5 41. fxg5 hxg5 42. Nxf5 exf5 43. Bxd5 Bg6 44. Qxc4 g4 45. hxg4 fxg4 46. Qc8
Qb4 47. Qxg4 Qxb2+ 48. Kh3 Qf2 49. Be4 Qf1+ 50. Kh2 Qf2+ 51. Kh3 1/2-1/2

[Event "4NCL 3 South pool A"]
[Site "Bedford, ENG"]
[Date "2019.01.13"]
[Round "4.13"]
[White "Kwiatkowski, Feliks J"]
[Black "Smith, Graham"]
[Result "1-0"]
[WhiteElo "2225"]
[BlackElo "2026"]
[PlyCount "51"]
[EventDate "2019.01.13"]
[WhiteTeam "Kings Head"]
[BlackTeam "MK Phoenix 1"]

1. c4 Nc6 2. Nc3 e5 3. Nf3 Nf6 4. e3 g6 5. d4 d6 6. dxe5 Nxe5 7. b3 Bg7 8. Nxe5
dxe5 9. Qxd8+ Kxd8 10. Ba3 c6 11. O-O-O+ Bd7 12. Be2 Bf8 13. Bb2 Ne8 14. Ne4 f6
15. Bg4 f5 16. Bxe5 Ba3+ 17. Kc2 Rf8 18. Bh3 Ke7 19. Rd2 Be6 20. Ng5 h6 21.
Nxe6 Kxe6 22. Bc3 Nd6 23. e4 Nxe4 24. Re1 Kf7 25. Rd7+ Be7 26. f3 1-0